<?xml version="1.0" encoding="UTF-8"?>
<collection xmlns="http://www.loc.gov/MARC21/slim">
 <record>
  <leader>01661nam a2200217Ia 4500</leader>
  <controlfield tag="001">TDMU_20509</controlfield>
  <controlfield tag="008">210410s9999    xx            000 0 und d</controlfield>
  <datafield tag="082" ind1=" " ind2=" ">
   <subfield code="a">392.5089</subfield>
  </datafield>
  <datafield tag="090" ind1=" " ind2=" ">
   <subfield code="b">B510</subfield>
  </datafield>
  <datafield tag="100" ind1=" " ind2=" ">
   <subfield code="a">Bùi, Hy Vọng</subfield>
  </datafield>
  <datafield tag="245" ind1=" " ind2="0">
   <subfield code="a">Phong tục đi hỏi vợ, đám cưới cổ truyền Mường</subfield>
  </datafield>
  <datafield tag="245" ind1=" " ind2="0">
   <subfield code="c">Bùi Hy Vọng</subfield>
  </datafield>
  <datafield tag="260" ind1=" " ind2=" ">
   <subfield code="a">H.</subfield>
  </datafield>
  <datafield tag="260" ind1=" " ind2=" ">
   <subfield code="b">Văn hóa thông tin</subfield>
  </datafield>
  <datafield tag="260" ind1=" " ind2=" ">
   <subfield code="c">2014</subfield>
  </datafield>
  <datafield tag="300" ind1=" " ind2=" ">
   <subfield code="a">339 tr.</subfield>
  </datafield>
  <datafield tag="520" ind1=" " ind2=" ">
   <subfield code="a">Khái quát về người Mường ở Hòa Bình và người Mường ở huyện Lạc Sơn; hôn nhân đối với người Mường, thực trạng hôn nhân của người Mường trước tháng 8 - 1945 và ngày nay; chí mờ, vai trò của chí mờ trong hôn nhân của người Mường; các bước đi hỏi vợ đám cưới của người Mường; tổ chức đám cưới; lời cúng trong các nghi lễ trong đám cưới cổ truyền của người Mường; một số câu thành ngữ, tục ngữ, ca dao, truyện dân gian nói về hôn nhân của người Mường.</subfield>
  </datafield>
  <datafield tag="650" ind1=" " ind2=" ">
   <subfield code="a">Văn hóa dân gian</subfield>
   <subfield code="x">Tục cưới xin</subfield>
   <subfield code="x">Dân tộc Mường</subfield>
   <subfield code="z">Hòa Bình (Việt Nam); Tục cưới xin</subfield>
   <subfield code="x">Dân tộc Mường</subfield>
   <subfield code="z">Hòa Bình (Việt Nam); Dân tộc Mường</subfield>
   <subfield code="x">Văn hóa</subfield>
   <subfield code="x">Tục cưới xin</subfield>
  </datafield>
  <datafield tag="700" ind1=" " ind2=" ">
   <subfield code="a">Hội Văn nghệ dân gian Việt Nam</subfield>
  </datafield>
  <datafield tag="856" ind1=" " ind2=" ">
   <subfield code="u">http://lrc.tdmu.edu.vn/opac/search/detail.asp?aID=2&amp;ID=20509</subfield>
  </datafield>
  <datafield tag="980" ind1=" " ind2=" ">
   <subfield code="a">Trung tâm Học liệu Trường Đại học Thủ Dầu Một</subfield>
  </datafield>
 </record>
</collection>
